[Event "IND-chB (Women)"]
[Site "Shilpgram"]
[Date "2010.08.24"]
[Round "6"]
[White "Apurva, G."]
[Black "Arunima, Kalra"]
[Result "1/2-1/2"]
[WhiteElo "1949"]
[BlackElo "1841"]
[PlyCount "65"]
[EventDate "2010.08.20"]
[EventType "swiss"]
[EventRounds "11"]
[EventCountry "IND"]
[SourceTitle "CBM 138 Extra"]
[Source "ChessBase"]
[SourceDate "2010.10.29"]
[SourceVersion "1"]
[SourceVersionDate "2010.10.29"]
[SourceQuality "1"]

1. e4 c5 2. Nf3 Nc6 3. d4 cxd4 4. Nxd4 g6 5. Be3 Bg7 6. Nc3 Nf6 7. f3 0-0 8. Qd2 d5 9. 0-0-0 Nxd4 10. Qxd4 Nxe4 11. Qxd5 Nd6 12. Nb5 Be6 13. Qc5 Rc8 14. Qb4 a5 15. Qa4 Qe8 16. Qxa5 Nc4 17. Bxc4 Bxc4 18. Na3 Bxa2 19. Qb5 Qxb5 20. Nxb5 Bc4 21. Na3 Be6 22. Bd4 Bh6+ 23. Kb1 Rc6 24. Rhe1 Rfc8 25. Be3 Bg7 26. Rd2 h5 27. Red1 Bf5 28. Rd8+ Kh7 29. Rxc8 Rxc8 30. Rd2 Be5 31. h3 Kg7 32. Nb5 h4 33. Nd4 1/2-1/2

[Event "IND-chB (Women)"]
[Site "Shilpgram"]
[Date "2010.08.21"]
[Round "2"]
[White "Apurva, G."]
[Black "Tejaswini, Sagar"]
[Result "0-1"]
[WhiteElo "1949"]
[BlackElo "1637"]
[PlyCount "109"]
[EventDate "2010.08.20"]
[EventType "swiss"]
[EventRounds "11"]
[EventCountry "IND"]
[SourceTitle "CBM 138 Extra"]
[Source "ChessBase"]
[SourceDate "2010.10.29"]
[SourceVersion "1"]
[SourceVersionDate "2010.10.29"]
[SourceQuality "1"]

1. e4 e5 2. Nf3 Nc6 3. Bb5 Bc5 4. 0-0 Nf6 5. d3 d6 6. c3 0-0 7. Bg5 h6 8. Be3 Bb6 9. Nbd2 Ne7 10. Nc4 Ng6 11. Nxb6 axb6 12. Bc4 Be6 13. Bb3 Qd7 14. Qd2 Kh7 15. Kh1 Nh5 16. d4 Bxb3 17. axb3 Qg4 18. h3 Qxe4 19. Rae1 Qf5 20. Nh2 Nhf4 21. Ng4 h5 22. Nh2 Nh4 23. Bxf4 exf4 24. Qd1 Ra2 25. Nf3 Nxf3 26. Qxf3 Rxb2 27. Qxb7 Rxb3 28. Qxc7 f3 29. Re3 Rc8 30. Rxf3 Rxc7 31. Rxf5 Rbxc3 32. Rxh5+ Kg6 33. Rb5 Rd3 34. Rxb6 Rxd4 35. Kh2 Kf5 36. Kg3 Rd3+ 37. f3 d5 38. Re1 Rd2 39. Rb5 Rcc2 40. Kh4 g5+ 41. Kh5 Rc6 42. g4+ Kf6 43. Rh1 Rd6 44. h4 gxh4 45. Kxh4 d4 46. g5+ Kg7 47. Kg4 d3 48. f4 Re2 49. f5 Rd8 50. f6+ Kg8 51. Kf3 Re6 52. Rbb1 Rde8 53. Kf4 d2 54. Rhd1 Re1 55. Kf5 0-1

[Event "Asia-ch U20 Girls"]
[Site "Chennai"]
[Date "2008.12.12"]
[Round "7"]
[White "Supriya, Joshi"]
[Black "Apurva, G."]
[Result "0-1"]
[WhiteElo "1771"]
[BlackElo "1909"]
[PlyCount "92"]
[EventDate "2008.12.05"]
[EventType "swiss"]
[EventRounds "9"]
[EventCountry "IND"]
[SourceTitle "CBM 127 Extra"]
[Source "ChessBase"]
[SourceDate "2009.01.08"]
[SourceVersion "2"]
[SourceVersionDate "2009.01.28"]
[SourceQuality "1"]

1. e4 c5 2. Nc3 Nc6 3. f4 g6 4. Nf3 Bg7 5. Bb5 Nd4 6. 0-0 a6 7. Bc4 b5 8. Bd5 Rb8 9. d3 e6 10. Bb3 Ne7 11. Nxd4 Bxd4+ 12. Kh1 d5 13. Ne2 Bg7 14. c3 Bb7 15. Bc2 0-0 16. Qe1 f5 17. e5 d4 18. cxd4 cxd4 19. Qf2 Nc6 20. Bb3 Re8 21. Bd2 h6 22. Rac1 g5 23. fxg5 hxg5 24. Qxf5 Qd7 25. Qxg5 Nxe5 26. Bf4 Nf7 27. Qg6 Rbc8 28. Rxc8 Qxc8 29. Rc1 Qd8 30. Rc7 Re7 31. Rxe7 Qxe7 32. Nxd4 Qh4 33. Qxe6 Qxf4 34. Qxf7+ Qxf7 35. Bxf7+ Kxf7 36. Nb3 Bxb2 37. Kg1 Bd5 38. Kf2 Bc3 39. g4 a5 40. Ke2 a4 41. Nc1 Bb2 42. Kd2 Bxc1+ 43. Kxc1 Bxa2 44. h4 b4 45. Kb2 Bd5 46. g5 a3+ 0-1

[Event "Asia-ch U20 Girls"]
[Site "Chennai"]
[Date "2008.12.10"]
[Round "5"]
[White "Apurva, G."]
[Black "Janu, V."]
[Result "1/2-1/2"]
[WhiteElo "1909"]
[BlackElo "1768"]
[PlyCount "143"]
[EventDate "2008.12.05"]
[EventType "swiss"]
[EventRounds "9"]
[EventCountry "IND"]
[SourceTitle "CBM 127 Extra"]
[Source "ChessBase"]
[SourceDate "2009.01.08"]
[SourceVersion "2"]
[SourceVersionDate "2009.01.28"]
[SourceQuality "1"]

1. f4 e6 2. Nf3 Bc5 3. d4 Be7 4. e4 Nf6 5. Bd3 c5 6. c3 cxd4 7. Nxd4 Nc6 8. Nd2 Nxd4 9. cxd4 0-0 10. 0-0 d6 11. Qe2 e5 12. Kh1 exd4 13. Nb3 Bg4 14. Qf2 d5 15. e5 Ne4 16. Qxd4 Bf5 17. Be3 b6 18. Bxe4 dxe4 19. Qxd8 Rfxd8 20. Nd4 Bd7 21. Rac1 Bc5 22. Rfd1 Rac8 23. Nc2 Kf8 24. Bxc5+ Rxc5 25. Ne3 Rxc1 26. Rxc1 Bb5 27. Kg1 h5 28. Rd1 Rd3 29. Kf2 Ke8 30. Rxd3 exd3 31. g3 Kd7 32. Nd1 Ke6 33. Ke3 Kf5 34. Nf2 g5 35. fxg5 Kxg5 36. Ne4+ Kg6 37. Nd6 Bd7 38. Kxd3 f6 39. exf6 Kxf6 40. Ne4+ Ke5 41. Ke3 Bc6 42. Nf2 Kf5 43. Kd4 Bb7 44. a4 Bc6 45. b3 Bd7 46. Nd3 Be6 47. b4 Bb3 48. a5 bxa5 49. bxa5 Kg4 50. Nf2+ Kf3 51. Nh3 Kg2 52. Nf4+ Kxh2 53. Nxh5 Bd1 54. Nf6 Kxg3 55. Kc5 Be2 56. Nd7 Kf4 57. Nb8 Ke4 58. Nc6 a6 59. Nb4 Ke5 60. Kc6 Bb5+ 61. Kc7 Kd4 62. Kb6 Bf1 63. Nxa6 Kd5 64. Nb8 Kd6 65. Nc6 Kd7 66. Na7 Kd6 67. Kb7 Kd7 68. Nc8 Ba6+ 69. Kxa6 Kxc8 70. Kb6 Kb8 71. a6 Ka8 72. a7 1/2-1/2

[Event "Asia-ch U20 Girls"]
[Site "Chennai"]
[Date "2008.12.06"]
[Round "1"]
[White "Apurva, G."]
[Black "Gomes, Mary Ann"]
[Result "0-1"]
[WhiteElo "1909"]
[BlackElo "2298"]
[PlyCount "88"]
[EventDate "2008.12.05"]
[EventType "swiss"]
[EventRounds "9"]
[EventCountry "IND"]
[SourceTitle "CBM 127 Extra"]
[Source "ChessBase"]
[SourceDate "2009.01.08"]
[SourceVersion "2"]
[SourceVersionDate "2009.01.28"]
[SourceQuality "1"]

1. e4 c5 2. Nf3 d6 3. d4 cxd4 4. Nxd4 Nf6 5. Nc3 a6 6. Be3 e5 7. Nb3 Be6 8. f3 Nbd7 9. Qd2 b5 10. 0-0-0 Nb6 11. Kb1 Rc8 12. g4 b4 13. Bxb6 Qxb6 14. Nd5 Bxd5 15. exd5 Be7 16. h4 a5 17. Qe2 0-0 18. f4 a4 19. Nc1 Qc5 20. Nd3 Qxd5 21. Bg2 Qc4 22. fxe5 dxe5 23. g5 Nh5 24. Nc1 Nf4 25. Qxc4 Rxc4 26. Bf1 Rd4 27. Rxd4 exd4 28. Bb5 a3 29. Nd3 Nd5 30. Ne5 Bd6 31. Nf3 axb2 32. Kxb2 Rc8 33. Ba4 Rc3 34. Nd2 Be5 35. Bb3 d3 36. Kb1 dxc2+ 37. Bxc2 Rc8 38. Ne4 Ne3 39. Bb3 Nc4 40. a3 Nxa3+ 41. Ka2 Nb5 42. Rh3 Rc1 43. Bd5 Ra1+ 44. Kb3 Ra3+ 0-1